00631nam a22002177a 450000500170000001000130001702000220003003500130005203700160006504000120008108200160009310000270010924500970013626000410023327000390027430000310031365000120034465000210035670000180037770000180039520170124110019.0 aB-030304 c37.00a8123717830 aB-030304 bCen Lib/Ret aDPLbEN a612.82bRAJ aRajadhyaksha, Medha S. aThe memory mystery /cby Medha S.Rajadhyaksha ; illustrated by A.D.Ghaisas [and] H.C.Karekar aNew DelhibNational Book Trustc1996 aA-5, Green ParkbNew Delhie110006 axvi,89p. :c18cm(Hb)bill. aMemory. aMemory structure aGhaisas, A.D. aKarekar, H.C.